000 00597nam a2200181 a 4500
001 000047765
005 20201002060726.0
008 180807s2018 dr a r 000 0 spa d
020 _a9789945125740
040 _aDO-SdBNP
_bspa
_cBNPHU
082 _axxxx
_bR696e 6to.
100 1 _aRodríguez Rosario, Islen Elba
_974874
245 1 0 _aEducación artística 6 secundaria /
_cIslen Elba Rodríguez Rosario ; ilustraciones Cena Billi J.
260 _aSanto Domingo :
_bSusaeta,
_c2018.
300 _a87 p. :
_bil. ;
_c22 cm.
590 _aInventariado, 2018/BT
700 1 _aCena, Billi J.,
_eil.
_975361
999 _c47253
_d47253